000 00615nmm a2200169Ia 4500
008 251105s9999||||xx |||||||||||||||||und||
020 _a9788491920038
041 _aspa
100 _aVera-Rojas, María Teresa
245 0 _aSe conoce que usted es 'Moderna'' :
_b Lecturas de la mujer moderna en la colonia hispana de Nueva York (1920-1940)
264 _a[Madrid, España] :
_bIberoamericana Vervuert,
_c2018
300 _a390 páginas
490 _aTiempo emulado. Historia de América y España
650 _aGender and Women Studies
856 _uhttps://public.digitaliapublishing.com/a/56902
942 _cCF
999 _c88733
_d88733